| 000 | 01360nam a2200337 i 4500 | ||
|---|---|---|---|
| 001 | 178035 | ||
| 003 | ES-MaACL | ||
| 005 | 20240607063002.0 | ||
| 008 | 110513s2000 sp |||| |dspa d | ||
| 020 | _a84-8472-010-1 | ||
| 080 | _a821.134.2.09"18/19" | ||
| 080 | _a821.134.2(7/8).09"18/19" | ||
| 100 | 1 |
_aRejano, Juan, _d1903-1976 _996098 |
|
| 245 | 1 | 0 |
_aArtículos y ensayos / _cJuan Rejano ; edición, estudio introductorio y notas de Manuel Aznar Soler. |
| 260 |
_aSevilla : _bRenacimiento, _c2000. |
||
| 300 |
_a300 p. : _b1 retr. ; _c22 cm. |
||
| 490 | 1 |
_aBiblioteca del exilio ; _v1 |
|
| 504 | _aBibliografía: p. 27-28 , 29-30. | ||
| 600 | 1 | 4 |
_aRejano, Juan, _d1903-1976 _996098 |
| 650 | 7 |
_aLiteratura española- _yS.XIX- _xHistoria y crítica. _914568 |
|
| 650 | 7 |
_aLiteratura española- _yS.XX- _xHistoria y crítica. _9141686 |
|
| 650 | 0 | 7 |
_aLiteratura hispanoamericana- _yS.XIX- _xHistoria y crítica. _914609 |
| 650 | 0 | 7 |
_aLiteratura hispanoamericana- _yS.XX- _xHistoria y crítica. _914614 |
| 700 | 1 |
_aAznar Soler, Manuel. _924318 |
|
| 830 | 0 |
_aBiblioteca del exilio ; _v1 _9180374 |
|
| 852 |
_aES-MaACL _jA-11175 _9184894 _bR.145436 _cDEPO1 _dOlim: N-4180 _xDonación: José Esteban |
||
| 903 |
_9234040 _aEsteban, José _ednr |
||
| 942 |
_2udc _cMONOGRAFIA |
||
| 999 |
_c178035 _d178035 |
||